[Event "WchT Seniors 65"]
[Site "Struga"]
[Date "2023.09.24"]
[Round "6.2"]
[White "James, Geoffrey H"]
[Black "Meyer, Paul"]
[Result "1/2-1/2"]
[WhiteElo "2082"]
[BlackElo "2064"]
[PlyCount "80"]
[EventDate "2023.09.19"]
[EventType "team-swiss"]
[EventRounds "9"]
[EventCountry "MKD"]
[SourceTitle "EXT 2024"]
[Source "ChessBase"]
[SourceDate "2023.10.10"]
[SourceVersion "1"]
[SourceVersionDate "2023.10.10"]
[SourceQuality "1"]
[WhiteTeam "England 65 II"]
[BlackTeam "Austria 65 II"]
[WhiteTeamCountry "ENG"]
[BlackTeamCountry "AUT"]

1. e4 e6 2. Nc3 d5 3. Nf3 Nf6 4. e5 Nfd7 5. d4 c5 6. dxc5 Bxc5 7. Bd3 Nc6 8. Bf4 h6 9. h4 a6 10. a3 b5 11. Qe2 b4 12. axb4 Nxb4 13. Bb5 0-0 14. Ba4 Be7 15. Qd2 Kh7 16. Na2 Nxa2 17. Rxa2 Nc5 18. c3 Nxa4 19. Qc2+ Kg8 20. Rxa4 Bd7 21. Rd4 Bb5 22. Ng5 Bxg5 23. hxg5 h5 24. Rxh5 g6 25. Rh6 Kg7 26. Be3 Rh8 27. Rdh4 Qc7 28. b3 Rxh6 29. gxh6+ Kh7 30. Bd4 Qe7 31. Rh5 Qa3 32. Rh4 Rc8 33. Rf4 Rc7 34. f3 Qa1+ 35. Kf2 Qf1+ 36. Kg3 Qe1+ 37. Qf2 Qxf2+ 38. Kxf2 Kxh6 39. Be3 Kg7 40. Bd2 Kf8 1/2-1/2

[Event "WchT Seniors 65"]
[Site "Rhodes"]
[Date "2019.04.20"]
[Round "5.5"]
[White "James, Geoffrey H"]
[Black "Vogt, Lothar"]
[Result "1/2-1/2"]
[WhiteElo "2144"]
[BlackElo "2362"]
[PlyCount "67"]
[EventDate "2019.04.16"]
[EventType "team-swiss"]
[EventRounds "9"]
[EventCountry "GRE"]
[SourceTitle "CBM 190 Extra"]
[Source "ChessBase"]
[SourceDate "2019.07.15"]
[SourceVersion "1"]
[SourceVersionDate "2019.07.15"]
[SourceQuality "1"]
[WhiteTeam "England II"]
[BlackTeam "Germany"]
[WhiteTeamCountry "ENG"]
[BlackTeamCountry "GER"]

1. c4 c5 2. Nc3 g6 3. g3 Bg7 4. Bg2 Nf6 5. d3 Nc6 6. e3 0-0 7. Nge2 e6 8. 0-0 b6 9. a3 Bb7 10. b4 Rb8 11. Rb1 d6 12. b5 Ne7 13. Bxb7 Rxb7 14. Bb2 Rd7 15. Qc2 Qa8 16. e4 d5 17. f3 Rfd8 18. Rbd1 Ne8 19. Nf4 dxc4 20. dxc4 Rd4 21. Na4 R4d6 22. Bxg7 Nxg7 23. Kg2 f5 24. e5 R6d7 25. h4 h6 26. Rxd7 Rxd7 27. Rd1 Rxd1 28. Qxd1 g5 29. hxg5 hxg5 30. Qd7 gxf4 31. Qxe7 fxg3 32. Kxg3 Kh7 33. Nc3 a6 34. a4 1/2-1/2

[Event "WchT Seniors 65"]
[Site "Rhodes"]
[Date "2019.04.17"]
[Round "2.5"]
[White "James, Geoffrey H"]
[Black "Uddenfeldt, Dan"]
[Result "0-1"]
[WhiteElo "2144"]
[BlackElo "2339"]
[PlyCount "84"]
[EventDate "2019.04.16"]
[EventType "team-swiss"]
[EventRounds "9"]
[EventCountry "GRE"]
[SourceTitle "CBM 190 Extra"]
[Source "ChessBase"]
[SourceDate "2019.07.15"]
[SourceVersion "1"]
[SourceVersionDate "2019.07.15"]
[SourceQuality "1"]
[WhiteTeam "England II"]
[BlackTeam "Sweden"]
[WhiteTeamCountry "ENG"]
[BlackTeamCountry "SWE"]

1. e4 g6 2. d4 Bg7 3. Nc3 d6 4. Be3 c6 5. Qd2 b5 6. Bd3 Nd7 7. Nf3 a6 8. a4 Bb7 9. 0-0 b4 10. Ne2 a5 11. c3 Qb6 12. cxb4 axb4 13. b3 Ngf6 14. Bh6 0-0 15. Bxg7 Kxg7 16. Ng3 Ra5 17. Rfe1 e5 18. dxe5 Nxe5 19. Nxe5 Rxe5 20. Qe3 Qxe3 21. Rxe3 Ra8 22. f4 Re7 23. Rae1 Nd7 24. Bc2 Nc5 25. Rd1 d5 26. e5 Nd7 27. Ree1 c5 28. Bd3 Bc6 29. Be2 f6 30. Bf3 Nb6 31. exf6+ Kxf6 32. Rxe7 Kxe7 33. Nf1 Kd6 34. Ne3 d4 35. Bxc6 Kxc6 36. Ng4 Nxa4 37. bxa4 b3 38. Ne5+ Kd5 39. Nd3 c4 40. Nb2 c3 41. Nd3 Rxa4 42. Kf2 b2 0-1

[Event "BCF-ch Seniors 65"]
[Site "Hull"]
[Date "2018.08.03"]
[Round "6"]
[White "James, Geoffrey H"]
[Black "Bimpson, Tom"]
[Result "1-0"]
[WhiteElo "2163"]
[BlackElo "1988"]
[PlyCount "57"]
[EventDate "2018.07.29"]
[EventType "swiss"]
[EventRounds "7"]
[EventCountry "ENG"]
[SourceTitle "CBM 185 Extra"]
[Source "ChessBase"]
[SourceDate "2018.07.29"]
[SourceVersion "1"]
[SourceVersionDate "2018.07.29"]
[SourceQuality "1"]

1. e4 d6 2. d4 Nf6 3. Nc3 e5 4. Nf3 exd4 5. Nxd4 Be7 6. Be2 0-0 7. 0-0 Re8 8. f4 Nbd7 9. Bf3 Bf8 10. Re1 c6 11. Be3 Nc5 12. Bf2 d5 13. e5 Nfe4 14. Nxe4 Nxe4 15. Bxe4 dxe4 16. Rxe4 c5 17. Nb5 Qb6 18. c4 Bf5 19. Re3 Red8 20. Qe2 Qg6 21. Nc7 Rac8 22. Nd5 Qa6 23. Ra3 Qg6 24. Bh4 Rxd5 25. cxd5 c4 26. d6 Bd3 27. Qe3 Be4 28. Qd2 Bc6 29. d7 1-0

[Event "BCF-ch Seniors 65"]
[Site "Hull"]
[Date "2018.08.01"]
[Round "4"]
[White "James, Geoffrey H"]
[Black "Jones, Chris"]
[Result "1/2-1/2"]
[WhiteElo "2163"]
[BlackElo "2007"]
[PlyCount "33"]
[EventDate "2018.07.29"]
[EventType "swiss"]
[EventRounds "7"]
[EventCountry "ENG"]
[SourceTitle "CBM 185 Extra"]
[Source "ChessBase"]
[SourceDate "2018.07.29"]
[SourceVersion "1"]
[SourceVersionDate "2018.07.29"]
[SourceQuality "1"]

1. c4 e5 2. g3 Nf6 3. Bg2 c6 4. d4 Bb4+ 5. Bd2 Bxd2+ 6. Qxd2 d6 7. Nf3 Qe7 8. Nc3 0-0 9. e3 h6 10. Qc2 e4 11. Nd2 d5 12. 0-0 Bg4 13. h3 Be6 14. Kh2 Nh7 15. cxd5 cxd5 16. f3 f5 17. f4 1/2-1/2

[Event "BCF-ch Seniors 65"]
[Site "Hull"]
[Date "2018.07.31"]
[Round "3"]
[White "Kendall, Paul SN"]
[Black "James, Geoffrey H"]
[Result "0-1"]
[WhiteElo "1955"]
[BlackElo "2163"]
[PlyCount "96"]
[EventDate "2018.07.29"]
[EventType "swiss"]
[EventRounds "7"]
[EventCountry "ENG"]
[SourceTitle "CBM 185 Extra"]
[Source "ChessBase"]
[SourceDate "2018.07.29"]
[SourceVersion "1"]
[SourceVersionDate "2018.07.29"]
[SourceQuality "1"]

1. e4 e5 2. Nf3 Nc6 3. d4 exd4 4. Nxd4 Bc5 5. Nxc6 Qf6 6. Qf3 bxc6 7. Nd2 Qxf3 8. gxf3 Nf6 9. Nb3 Bb6 10. a4 a5 11. Rg1 Nh5 12. Be3 d6 13. 0-0-0 Ke7 14. Rg5 g6 15. f4 f6 16. Rg1 Bd7 17. Be2 Ng7 18. f5 Bxe3+ 19. fxe3 g5 20. Rd2 c5 21. e5 Bxa4 22. Bf3 Ra6 23. exd6+ cxd6 24. Be2 Ra7 25. Rgd1 Bxb3 26. cxb3 Rd8 27. e4 Raa8 28. h4 h6 29. Rh1 Rh8 30. Bf3 Rab8 31. Kc2 h5 32. hxg5 fxg5 33. f6+ Kxf6 34. Rxd6+ Ke7 35. Ra6 g4 36. Bg2 Ne6 37. Ra7+ Kf6 38. Rf1+ Kg5 39. Rxa5 Nd4+ 40. Kc3 Rhc8 41. b4 Ne2+ 42. Kd2 Nf4 43. Bh1 Rxb4 44. Kc3 Ne2+ 45. Kc2 Ng3 46. Rd1 Nxh1 47. Rd5+ Kf4 48. Rxh5 Ng3 0-1

[Event "BCF-ch Seniors 65"]
[Site "Bournemouth"]
[Date "2016.07.27"]
[Round "4"]
[White "James, Geoffrey H"]
[Black "Pickersgill, Adrian"]
[Result "1-0"]
[WhiteElo "2203"]
[BlackElo "2000"]
[PlyCount "83"]
[EventDate "2016.07.24"]
[EventType "swiss"]
[EventRounds "7"]
[EventCountry "ENG"]
[SourceTitle "CBM 173 Extra"]
[Source "ChessBase"]
[SourceDate "2016.08.29"]
[SourceVersion "1"]
[SourceVersionDate "2016.08.29"]
[SourceQuality "1"]

1. e4 d6 2. d4 Nf6 3. Nc3 c6 4. a4 a5 5. h3 Nbd7 6. Nf3 e5 7. Be2 Be7 8. 0-0 0-0 9. Be3 Qc7 10. Qd2 Re8 11. Bc4 h6 12. Ba2 Nf8 13. Rfe1 Be6 14. d5 Bd7 15. Kh2 Ng6 16. Ng1 Bf8 17. Nge2 c5 18. Ng3 Nh4 19. Qe2 Qd8 20. Bc4 Kh7 21. f3 Ng6 22. Bb5 Nf4 23. Qd2 Bxb5 24. Nxb5 Ng6 25. Nf5 Ra6 26. g4 Ng8 27. g5 hxg5 28. Bxg5 f6 29. Be3 N8e7 30. Nxe7 Qxe7 31. Qg2 Qf7 32. Qg4 Kg8 33. Rg1 Nh8 34. Rg2 g6 35. Rag1 Bg7 36. h4 Re7 37. h5 g5 38. Rg3 Kf8 39. Qc8+ Re8 40. Qh3 Bh6 41. Qf5 Qe7 42. Bxg5 1-0

[Event "EU-chT Seniors"]
[Site "Vienna"]
[Date "2015.07.17"]
[Round "6.6"]
[White "Holst, Per"]
[Black "James, Geoffrey H"]
[Result "1/2-1/2"]
[WhiteElo "2072"]
[BlackElo "2166"]
[PlyCount "53"]
[EventDate "2015.07.12"]
[EventType "team-swiss"]
[EventRounds "9"]
[EventCountry "AUT"]
[SourceTitle "EXT 2018"]
[Source "ChessBase"]
[SourceDate "2017.10.13"]
[SourceVersion "1"]
[SourceVersionDate "2017.10.13"]
[SourceQuality "1"]
[WhiteTeam "Norresundby"]
[BlackTeam "England"]
[WhiteTeamCountry "DEN"]
[BlackTeamCountry "ENG"]

1. d4 Nf6 2. c4 e6 3. Nf3 Bb4+ 4. Bd2 a5 5. g3 b6 6. Bg2 Bb7 7. 0-0 Bxd2 8. Qxd2 0-0 9. Nc3 d6 10. d5 e5 11. e4 Bc8 12. Ne1 Ne8 13. Nd3 Na6 14. f4 f6 15. f5 Nc5 16. Nf2 Qe7 17. Bf3 g6 18. g4 g5 19. Rfb1 Ng7 20. b3 Bd7 21. Qc2 Ra7 22. Qb2 Rfa8 23. Bd1 Qe8 24. a3 Kf7 25. Ra2 Ke7 26. Rba1 h5 27. h3 1/2-1/2

[Event "EU-chT Seniors"]
[Site "Vienna"]
[Date "2015.07.15"]
[Round "4.7"]
[White "Danner, Lambert"]
[Black "James, Geoffrey H"]
[Result "0-1"]
[WhiteElo "2112"]
[BlackElo "2166"]
[PlyCount "70"]
[EventDate "2015.07.12"]
[EventType "team-swiss"]
[EventRounds "9"]
[EventCountry "AUT"]
[SourceTitle "EXT 2018"]
[Source "ChessBase"]
[SourceDate "2017.10.13"]
[SourceVersion "1"]
[SourceVersionDate "2017.10.13"]
[SourceQuality "1"]
[WhiteTeam "Niederoesterreich"]
[BlackTeam "England"]
[WhiteTeamCountry "AUT"]
[BlackTeamCountry "ENG"]

1. g3 e5 2. c4 g6 3. Nc3 Bg7 4. Bg2 Nc6 5. Nf3 Nge7 6. 0-0 0-0 7. d3 d6 8. Bd2 h6 9. Rb1 Be6 10. b4 Qd7 11. b5 Nd8 12. e4 Bh3 13. Nd5 Bxg2 14. Kxg2 f5 15. h3 Ne6 16. Ng1 Nc5 17. Be3 Nxd5 18. cxd5 b6 19. Bxc5 dxc5 20. f3 a6 21. a4 axb5 22. axb5 Ra3 23. Rf2 Rfa8 24. Rfb2 R8a5 25. Ne2 fxe4 26. fxe4 Bf6 27. Rb3 Ra2 28. g4 Bh4 29. Qf1 Ra8 30. R3b2 Rxb2 31. Rxb2 Rf8 32. Qg1 Qf7 33. Nc1 Qf3+ 34. Kh2 Bf2 35. Qg2 Qf4+ 0-1

[Event "BCF-ch Seniors"]
[Site "Aberystwyth"]
[Date "2014.07.30"]
[Round "5"]
[White "Plater, Ronald"]
[Black "James, Geoffrey H"]
[Result "0-1"]
[WhiteElo "1897"]
[BlackElo "2165"]
[PlyCount "82"]
[EventDate "2014.07.26"]
[EventType "swiss"]
[EventRounds "7"]
[EventCountry "WLS"]
[SourceTitle "EXT 2017"]
[Source "ChessBase"]
[SourceDate "2016.10.25"]
[SourceVersion "1"]
[SourceVersionDate "2016.10.25"]
[SourceQuality "1"]

1. d4 Nf6 2. Nf3 e6 3. g3 b6 4. Bg2 Bb7 5. 0-0 Be7 6. c4 0-0 7. Nc3 Ne4 8. Qc2 Nxc3 9. Qxc3 f5 10. Be3 Bf6 11. Qc2 Be4 12. Qd2 h6 13. Ne1 Bxg2 14. Nxg2 Nc6 15. Rac1 Qe8 16. b3 g5 17. d5 Ne5 18. Bd4 Qe7 19. dxe6 dxe6 20. Qe3 Ng4 21. Bxf6 Qxf6 22. Qc3 Qxc3 23. Rxc3 Rad8 24. f3 Nf6 25. Rd3 Rxd3 26. exd3 Rd8 27. Re1 Kf7 28. Re3 c5 29. Kf2 Rd4 30. Ne1 Nd7 31. Ke2 Kf6 32. Kd2 e5 33. Kc3 Nb8 34. b4 cxb4+ 35. Kxb4 Na6+ 36. Kb5 Nc5 37. a4 f4 38. gxf4 gxf4 39. Re2 Nxd3 40. Nc2 Rd6 41. Rd2 a6+ 0-1

[Event "BCF-ch Seniors"]
[Site "Aberystwyth"]
[Date "2014.07.28"]
[Round "3"]
[White "Hutchinson, Norman A"]
[Black "James, Geoffrey H"]
[Result "1/2-1/2"]
[WhiteElo "2066"]
[BlackElo "2165"]
[PlyCount "65"]
[EventDate "2014.07.26"]
[EventType "swiss"]
[EventRounds "7"]
[EventCountry "WLS"]
[SourceTitle "EXT 2017"]
[Source "ChessBase"]
[SourceDate "2016.10.25"]
[SourceVersion "1"]
[SourceVersionDate "2016.10.25"]
[SourceQuality "1"]

1. e4 e5 2. Nf3 Nc6 3. Bb5 a6 4. Ba4 d6 5. c3 Bd7 6. 0-0 g6 7. d4 Bg7 8. Re1 Nge7 9. Be3 0-0 10. Nbd2 h6 11. dxe5 dxe5 12. Nf1 b6 13. Qd2 Kh7 14. Qe2 Qc8 15. Bc2 Nd8 16. Rad1 Ne6 17. Bc1 Bc6 18. Ne3 Nf4 19. Qf1 Qb7 20. c4 Rae8 21. Nd5 Nexd5 22. exd5 Bd7 23. b3 Qc8 24. Bxf4 exf4 25. Rxe8 Rxe8 26. Re1 Bg4 27. Rxe8 Qxe8 28. Qe1 Qxe1+ 29. Nxe1 Be2 30. Nd3 Bxd3 31. Bxd3 a5 32. Kf1 Bd4 33. Ke2 1/2-1/2

[Event "BCF-ch Seniors"]
[Site "Aberystwyth"]
[Date "2014.07.27"]
[Round "2"]
[White "James, Geoffrey H"]
[Black "Mildenhall, John"]
[Result "1-0"]
[WhiteElo "2165"]
[BlackElo "1978"]
[PlyCount "79"]
[EventDate "2014.07.26"]
[EventType "swiss"]
[EventRounds "7"]
[EventCountry "WLS"]
[SourceTitle "EXT 2017"]
[Source "ChessBase"]
[SourceDate "2016.10.25"]
[SourceVersion "1"]
[SourceVersionDate "2016.10.25"]
[SourceQuality "1"]

1. e4 c5 2. Nf3 d6 3. Bb5+ Bd7 4. Bxd7+ Qxd7 5. c4 Nc6 6. d4 cxd4 7. Nxd4 g6 8. f3 Bg7 9. Be3 Nf6 10. Nc3 0-0 11. Rc1 b6 12. 0-0 Rac8 13. b3 Qb7 14. Qd2 Rfe8 15. Nde2 Ne5 16. Nf4 Rcd8 17. Nfd5 Ned7 18. Bg5 Nxd5 19. Nxd5 f6 20. Bf4 Rc8 21. Rfd1 Nc5 22. Be3 Ne6 23. Nc3 Kf8 24. Nb5 Red8 25. Qd5 Qd7 26. Nxa7 Qxa7 27. Qxe6 Qxa2 28. Bxb6 Re8 29. Rd3 Bh6 30. Rcd1 Qa3 31. Bd4 Rb8 32. Ra1 Qb4 33. Qd5 Ra8 34. Kf2 Rxa1 35. Bxa1 Qa3 36. Bd4 Qa2+ 37. Kg3 Qe2 38. Bc3 Be3 39. Rxe3 Qxe3 40. Bd2 1-0

[Event "Sunningdale e2e4 Seniors op 04"]
[Site "Sunningdale"]
[Date "2014.04.21"]
[Round "5"]
[White "Norman, Kenneth I"]
[Black "James, Geoffrey H"]
[Result "0-1"]
[WhiteElo "2175"]
[BlackElo "2167"]
[PlyCount "94"]
[EventDate "2014.04.17"]
[EventType "swiss"]
[EventRounds "5"]
[EventCountry "ENG"]
[SourceTitle "EXT 2015"]
[Source "ChessBase"]
[SourceDate "2014.11.20"]
[SourceVersion "1"]
[SourceVersionDate "2014.11.20"]
[SourceQuality "1"]

1. Nf3 Nf6 2. c4 e6 3. g3 b6 4. Bg2 Bb7 5. 0-0 Be7 6. Nc3 0-0 7. b3 Ne4 8. Nxe4 Bxe4 9. d3 Bb7 10. Bb2 f5 11. e3 Bf6 12. d4 Qe8 13. Rc1 d6 14. Nd2 Bxg2 15. Kxg2 c5 16. Nf3 Nc6 17. Bc3 e5 18. d5 Ne7 19. e4 fxe4 20. Nd2 Qg6 21. Qe2 Bg5 22. Rce1 e3 23. fxe3 Nf5 24. Rf3 Rae8 25. Nf1 e4 26. Rf2 Nh4+ 27. Kh1 Rxf2 28. Qxf2 Rf8 29. Qe2 Nf3 30. Rd1 Bf6 31. Bxf6 Qxf6 32. Qc2 Qe5 33. Rc1 Rf6 34. Qe2 Qf5 35. Qg2 Rh6 36. Rb1 Qe5 37. Rc1 Qf5 38. Rb1 Rf6 39. Rd1 Qe5 40. Rc1 Qf5 41. Rb1 h5 42. Rd1 Rg6 43. Qf2 h4 44. Rc1 hxg3 45. Nxg3 Qe5 46. Qg2 Qg5 47. Qh3 Rh6 0-1

[Event "EU-ch Seniors 65 14th"]
[Site "Porto"]
[Date "2014.03.15"]
[Round "7"]
[White "Wahlstedt, Mats"]
[Black "James, Geoffrey H"]
[Result "1/2-1/2"]
[WhiteElo "1937"]
[BlackElo "2177"]
[PlyCount "110"]
[EventDate "2014.03.09"]
[EventType "swiss"]
[EventRounds "9"]
[EventCountry "POR"]
[SourceTitle "CBM 159 Extra"]
[Source "ChessBase"]
[SourceDate "2014.04.24"]
[SourceVersion "1"]
[SourceVersionDate "2014.04.24"]
[SourceQuality "1"]

1. e4 e5 2. Nf3 Nc6 3. Bb5 a6 4. Ba4 d6 5. c4 Bd7 6. 0-0 g6 7. d4 Bg7 8. dxe5 dxe5 9. Bxc6 Bxc6 10. Qc2 Qe7 11. Nc3 Nf6 12. Nd5 Nxd5 13. cxd5 Bb5 14. Re1 Rc8 15. Be3 Qf6 16. Bc5 b6 17. Ba3 c5 18. dxc6 Rxc6 19. Qd2 Bf8 20. Bxf8 Kxf8 21. a4 Bc4 22. Qc3 Kg7 23. Qxe5 Rd8 24. Rac1 Rcc8 25. h3 Bb3 26. Rxc8 Rxc8 27. Qxf6+ Kxf6 28. Ra1 Rc2 29. a5 b5 30. Rd1 Ke7 31. Rd2 Rc1+ 32. Kh2 Ra1 33. Nd4 Be6 34. Nc6+ Kf6 35. b4 Rb1 36. Kg3 Rb3+ 37. f3 g5 38. Kf2 h5 39. Ke2 g4 40. hxg4 hxg4 41. f4 Bc4+ 42. Ke1 Re3+ 43. Kf2 Rxe4 44. g3 Be6 45. Rd4 Rxd4 46. Nxd4 Bd5 47. Ke3 Bb7 48. Nc2 Ke6 49. Kd4 Kd6 50. Ne3 Bf3 51. Nf1 Bc6 52. Nd2 f5 53. Nb3 Bb7 54. Nc5 Bc8 55. Nd3 Bd7 1/2-1/2

[Event "EU-ch Seniors 65 14th"]
[Site "Porto"]
[Date "2014.03.11"]
[Round "3"]
[White "Werner, Clemens"]
[Black "James, Geoffrey H"]
[Result "1/2-1/2"]
[WhiteElo "2330"]
[BlackElo "2177"]
[PlyCount "63"]
[EventDate "2014.03.09"]
[EventType "swiss"]
[EventRounds "9"]
[EventCountry "POR"]
[SourceTitle "CBM 159 Extra"]
[Source "ChessBase"]
[SourceDate "2014.04.24"]
[SourceVersion "1"]
[SourceVersionDate "2014.04.24"]
[SourceQuality "1"]

1. e4 e5 2. Nf3 Nc6 3. Bb5 a6 4. Ba4 d6 5. 0-0 Bd7 6. c3 g6 7. d4 Bg7 8. Bg5 Nge7 9. dxe5 dxe5 10. Nbd2 h6 11. Be3 0-0 12. Re1 b6 13. Bc2 Be6 14. Qe2 Qe8 15. Bb3 Bxb3 16. axb3 f5 17. exf5 gxf5 18. Nc4 Ng6 19. Ncxe5 Ncxe5 20. Nxe5 Nxe5 21. Bd4 Ng6 22. Qc4+ Qf7 23. Re6 Nf4 24. Re7 Qxc4 25. Rxg7+ Kh8 26. bxc4 Ne2+ 27. Kf1 Nxd4 28. Rxc7 Nb3 29. Rd1 Rad8 30. Rxd8 Rxd8 31. Rc6 Kg7 32. Ke1 1/2-1/2

[Event "BCF-ch Senior"]
[Site "Torquay"]
[Date "2013.08.03"]
[Round "1.58"]
[White "James, Geoffrey H"]
[Black "Bennett, John"]
[Result "0-1"]
[WhiteElo "2191"]
[BlackElo "2008"]
[PlyCount "66"]
[EventDate "2013.08.03"]
[EventType "swiss"]
[EventRounds "7"]
[EventCountry "ENG"]
[SourceTitle "EXT 2023"]
[Source "ChessBase"]
[SourceDate "2022.10.05"]
[SourceVersion "1"]
[SourceVersionDate "2022.10.05"]
[SourceQuality "1"]

1. e4 c5 2. Nf3 Nc6 3. Bb5 e6 4. Bxc6 bxc6 5. d3 Ne7 6. 0-0 Ng6 7. Ng5 Be7 8. Qh5 Bxg5 9. Bxg5 f6 10. Be3 d6 11. f4 0-0 12. Nd2 Ba6 13. Rf3 Rf7 14. Rh3 Nf8 15. Rf1 Rb8 16. b3 Qa5 17. a4 Qc3 18. Qd1 d5 19. Bf2 Qa5 20. Be1 Qb6 21. Qa1 c4+ 22. Bf2 Qa5 23. Be1 c3 24. Nf3 dxe4 25. Bxc3 Qb6+ 26. Nd4 exd3 27. cxd3 c5 28. Nb5 Bxb5 29. axb5 Qxb5 30. d4 Rd7 31. Rb1 cxd4 32. Bxd4 Rbd8 33. Bf2 Qe2 0-1

[Event "EU-chT Seniors 15th"]
[Site "Dresden"]
[Date "2013.07.28"]
[Round "9"]
[White "James, Geoffrey H"]
[Black "Kupreichik, Viktor D"]
[Result "1/2-1/2"]
[WhiteElo "2191"]
[BlackElo "2446"]
[PlyCount "53"]
[EventDate "2013.07.20"]
[EventType "team-swiss"]
[EventRounds "9"]
[EventCountry "GER"]
[SourceTitle "CBM 155 Extra"]
[Source "ChessBase"]
[SourceDate "2013.08.26"]
[SourceVersion "1"]
[SourceVersionDate "2013.08.26"]
[SourceQuality "1"]
[WhiteTeam "England"]
[BlackTeam "Belarus"]
[WhiteTeamCountry "ENG"]
[BlackTeamCountry "BLR"]

1. e4 c5 2. Nf3 e6 3. d4 cxd4 4. Nxd4 Nc6 5. Be3 Nf6 6. Nc3 Bb4 7. Bd3 d5 8. exd5 Nxd5 9. Nxc6 bxc6 10. Bd2 Nxc3 11. Qg4 Nxa2 12. Bxb4 Nxb4 13. Qxb4 Qe7 14. Qe4 Bb7 15. 0-0 c5 16. Qe3 0-0 17. Ra5 Rfc8 18. Rfa1 c4 19. Bxh7+ Kxh7 20. Qh3+ Kg8 21. Rh5 f5 22. Rh8+ Kf7 23. Qh5+ Kf6 24. Qh4+ Kf7 25. Qh5+ Kf6 26. Qh4+ Kf7 27. Qh5+ 1/2-1/2

[Event "EU-chT Seniors 15th"]
[Site "Dresden"]
[Date "2013.07.27"]
[Round "8"]
[White "James, Geoffrey H"]
[Black "Sloth, Jorn"]
[Result "1/2-1/2"]
[WhiteElo "2191"]
[BlackElo "2342"]
[PlyCount "64"]
[EventDate "2013.07.20"]
[EventType "team-swiss"]
[EventRounds "9"]
[EventCountry "GER"]
[SourceTitle "CBM 155 Extra"]
[Source "ChessBase"]
[SourceDate "2013.08.26"]
[SourceVersion "1"]
[SourceVersionDate "2013.08.26"]
[SourceQuality "1"]
[WhiteTeam "England"]
[BlackTeam "Denmark"]
[WhiteTeamCountry "ENG"]
[BlackTeamCountry "DEN"]

1. e4 e6 2. Nc3 d5 3. Nf3 Bb4 4. a3 Be7 5. d4 Nf6 6. e5 Ne4 7. Qd3 Nxc3 8. Qxc3 0-0 9. Bd3 Nd7 10. Be3 b6 11. Qd2 c5 12. c3 a5 13. h4 f5 14. Bg5 Ba6 15. Bxa6 Rxa6 16. Qe2 c4 17. Bxe7 Qxe7 18. Ng5 h6 19. Qh5 Qe8 20. Qxe8 Rxe8 21. Nh3 g6 22. Nf4 Kg7 23. Rh3 b5 24. Rg3 Nf8 25. Nxg6 Nxg6 26. h5 Rg8 27. Rxg6+ Kh7 28. Rxg8 Kxg8 29. Ke2 Kf7 30. g4 fxg4 31. Ke3 Ra8 32. Kf4 Rg8 1/2-1/2

[Event "EU-chT Seniors 15th"]
[Site "Dresden"]
[Date "2013.07.23"]
[Round "4"]
[White "James, Geoffrey H"]
[Black "Ashby, Anthony"]
[Result "1-0"]
[WhiteElo "2191"]
[BlackElo "2116"]
[PlyCount "119"]
[EventDate "2013.07.20"]
[EventType "team-swiss"]
[EventRounds "9"]
[EventCountry "GER"]
[SourceTitle "CBM 155 Extra"]
[Source "ChessBase"]
[SourceDate "2013.08.26"]
[SourceVersion "1"]
[SourceVersionDate "2013.08.26"]
[SourceQuality "1"]
[WhiteTeam "England"]
[BlackTeam "England II"]
[WhiteTeamCountry "ENG"]
[BlackTeamCountry "ENG"]

1. c4 Nf6 2. g3 e6 3. Bg2 d5 4. Nf3 c5 5. cxd5 exd5 6. d4 cxd4 7. Nxd4 Nc6 8. 0-0 Be7 9. Nc3 0-0 10. h3 h6 11. Be3 Be6 12. Qd2 Qd7 13. Kh2 Ne5 14. b3 Bb4 15. f4 Nc6 16. f5 Nxd4 17. Bxd4 Bxf5 18. Qf4 Bxc3 19. Bxc3 Be4 20. Bxf6 Bxg2 21. Kxg2 gxf6 22. Qxh6 Rfe8 23. Rxf6 Rxe2+ 24. Kg1 Qe7 25. Qg5+ Kf8 26. Raf1 Qe3+ 27. Qxe3 Rxe3 28. Rxf7+ Kg8 29. Kg2 Re2+ 30. R1f2 Rxf2+ 31. Rxf2 Kg7 32. Kf1 Rc8 33. Ke2 Rc3 34. Rf3 Rc2+ 35. Ke3 Rxa2 36. g4 a5 37. Kd4 Ra3 38. Kxd5 a4 39. Kc4 axb3 40. Rxb3 b5+ 41. Kb4 Ra4+ 42. Kxb5 Re4 43. Kc5 Kg6 44. Kd5 Re1 45. Rf3 Ra1 46. Ke5 Ra5+ 47. Kf4 Rb5 48. Re3 Rb1 49. h4 Rf1+ 50. Rf3 Ra1 51. g5 Kh5 52. Kf5 Kxh4 53. g6 Ra5+ 54. Kf6 Ra6+ 55. Kf7 Ra7+ 56. Kf6 Ra6+ 57. Kg7 Kg5 58. Kh7 Ra7+ 59. g7 Rb7 60. Kh8 1-0

[Event "EU-chT Seniors"]
[Site "Rogaska Slatina"]
[Date "2012.04.02"]
[Round "7.3"]
[White "Klundt, Klaus"]
[Black "James, Geoffrey H"]
[Result "1-0"]
[WhiteElo "2378"]
[BlackElo "2215"]
[PlyCount "76"]
[EventDate "2012.03.27"]
[EventType "team-swiss"]
[EventRounds "9"]
[EventCountry "SLO"]
[SourceTitle "CBM 147 Extra"]
[Source "ChessBase"]
[SourceDate "2012.04.24"]
[SourceVersion "1"]
[SourceVersionDate "2012.04.24"]
[SourceQuality "1"]
[WhiteTeam "Germany (Seniors)"]
[BlackTeam "England (Seniors)"]
[WhiteTeamCountry "GER"]
[BlackTeamCountry "ENG"]

1. e4 e5 2. Nf3 Nc6 3. Bb5 a6 4. Ba4 d6 5. 0-0 Bd7 6. c3 g6 7. d4 Bg7 8. Re1 Nge7 9. dxe5 dxe5 10. Be3 0-0 11. Nbd2 h6 12. Bc5 b6 13. Ba3 Re8 14. Nf1 b5 15. Bc2 Be6 16. Qe2 Na5 17. Red1 Qc8 18. Ne3 c5 19. b3 Rb8 20. Rac1 Qc6 21. c4 b4 22. Bb2 f6 23. Nd5 Qb7 24. Qe3 Rbc8 25. Nh4 Bf7 26. Qf3 Nxd5 27. exd5 f5 28. Qg3 Kh7 29. Nxf5 gxf5 30. Bxf5+ Kh8 31. Re1 Rcd8 32. f4 Qe7 33. Rxe5 Qf8 34. Rce1 Nb7 35. Qh4 Kg8 36. R1e3 Nd6 37. Bd3 Rxe5 38. fxe5 Ne8 1-0

[Event "EU-chT Seniors"]
[Site "Rogaska Slatina"]
[Date "2012.04.01"]
[Round "6.5"]
[White "James, Geoffrey H"]
[Black "Wahlbom, Magnus"]
[Result "1/2-1/2"]
[WhiteElo "2215"]
[BlackElo "2291"]
[PlyCount "50"]
[EventDate "2012.03.27"]
[EventType "team-swiss"]
[EventRounds "9"]
[EventCountry "SLO"]
[SourceTitle "CBM 147 Extra"]
[Source "ChessBase"]
[SourceDate "2012.04.24"]
[SourceVersion "1"]
[SourceVersionDate "2012.04.24"]
[SourceQuality "1"]
[WhiteTeam "England (Seniors)"]
[BlackTeam "Sweden (Seniors)"]
[WhiteTeamCountry "ENG"]
[BlackTeamCountry "SWE"]

1. c4 Nf6 2. g3 g6 3. Bg2 Bg7 4. Nc3 0-0 5. Nf3 d6 6. 0-0 Nc6 7. d3 Rb8 8. Rb1 Nh5 9. Bd2 a5 10. a3 f5 11. b4 axb4 12. axb4 e6 13. e3 h6 14. b5 Ne7 15. Qb3 Kh7 16. Ne2 Nf6 17. Ne1 g5 18. f4 Qe8 19. h3 Qg6 20. Kh2 Rg8 21. Nc2 Bf8 22. Qc3 Bg7 23. Qb4 b6 24. Qa3 Bb7 25. Bxb7 Rxb7 1/2-1/2